Biblical theology : (Record no. 8024)

MARC details
000 -LEADER
fixed length control field 01239cam a2200325 a 4500
001 - CONTROL NUMBER
control field 136925
003 - CONTROL NUMBER IDENTIFIER
control field GBCCL
005 - DATE AND TIME OF LATEST TRANSACTION
control field 20241126110641.0
008 - FIXED-LENGTH DATA ELEMENTS--GENERAL INFORMATION
fixed length control field 061128s2007 kyu b 001 0 eng
010 ## -
-- 2006047098
020 ## - INTERNATIONAL STANDARD BOOK NUMBER
International Standard Book Number 9780664229726 (alk. paper)
020 ## - INTERNATIONAL STANDARD BOOK NUMBER
International Standard Book Number 0664229727 (alk. paper)
035 ## - SYSTEM CONTROL NUMBER
System control number (OCoLC)ocm76871522
035 ## - SYSTEM CONTROL NUMBER
System control number (OCoLC)76871522
040 ## - CATALOGING SOURCE
Original cataloging agency DLC
Transcribing agency DLC
Modifying agency BTCTA
-- BAKER
-- C#P
-- YDXCP
-- ABF
-- NNG
-- NLGGC
-- LBB
049 ## -
-- LBBK
050 00 -
-- BS543
-- .M45 2007
082 00 - DEWEY DECIMAL CLASSIFICATION NUMBER
Classification number 230.041
Edition information 22
Item number MEA
084 ## - OTHER CLASSIFICATION NUMBER
Classification number 11.36
Number source bcl
090 ## - LOCALLY ASSIGNED LC-TYPE CALL NUMBER (OCLC); LOCAL CALL NUMBER (RLIN)
Classification number (OCLC) (R) ; Classification number, CALL (RLIN) (NR) BS543
Local cutter number (OCLC) ; Book number/undivided call number, CALL (RLIN) .M45 2007
100 1# - MAIN ENTRY--PERSONAL NAME
Personal name Mead, James K.
9 (RLIN) 14009
245 10 - TITLE STATEMENT
Title Biblical theology :
Remainder of title issues, methods, and themes /
Statement of responsibility, etc. James K. Mead.
250 ## - EDITION STATEMENT
Edition statement 1st ed.
260 ## - PUBLICATION, DISTRIBUTION, ETC.
Place of publication, distribution, etc. Louisville, Ky. :
Name of publisher, distributor, etc. Westminster John Knox Press,
Date of publication, distribution, etc. c2007.
300 ## - PHYSICAL DESCRIPTION
Extent viii, 328 p. ;
Dimensions 23 cm.
504 ## - BIBLIOGRAPHY, ETC. NOTE
Bibliography, etc. note Includes bibliographical references (p. 305-323) and index.
505 0# - FORMATTED CONTENTS NOTE
Formatted contents note The challenge of defining "biblical theology" -- The history of biblical theology -- The issues raised in biblical theology -- The methods used in biblical theology -- The themes developed through biblical theology -- The prospects for biblical theology.
630 00 - SUBJECT ADDED ENTRY--UNIFORM TITLE
Uniform title Bible
General subdivision Theology.
9 (RLIN) 357
942 ## - ADDED ENTRY ELEMENTS (KOHA)
Source of classification or shelving scheme Dewey Decimal Classification
Koha item type Books
Koha issues (borrowed), all copies 1
Holdings
Withdrawn status Lost status Source of classification or shelving scheme Damaged status Not for loan Home library Current Library Shelving location Date acquired Source of acquisition Cost, normal purchase price Total checkouts Full call number Barcode Date last seen Date last checked out Copy number Cost, replacement price Price effective from Koha item type
    Dewey Decimal Classification     GRACE BIBLE COLLEGE GRACE BIBLE COLLEGE Theology 2019-05-14 13 1899.00 1 230.041 MEA 014926 2025-05-01 2020-02-24 c.1 1899.00 2019-05-14 Books
© Grace Bible College Library 2025